000 00681cam a22002173a 4500
001 44480
003 PGUSA
005 20140828084021.0
008 131221s2013||||xxu|||||s|||||000 | eng d
040 _aPGUSA
_beng
042 _adc
100 1 _aYule, Adam
245 1 4 _aThe Loss of the Australia :
_bA narrative of the loss of the brig Australia by fire on her voyage from Leith to Sydney
_h[electronic resource] /
_cAdam Yule
260 _bProject Gutenberg,
_c2013
506 _aPublic domain in the USA.
516 _aElectronic text
700 1 _aM'Gavin, James R.
830 0 _aProject Gutenberg
_v44480
856 4 0 _uhttp://www.gutenberg.org/ebooks/44480
942 _cEB
999 _c273731
_d273731